Tatmensch (Record no. 6017)

MARC details
000 -CABECERA
campo de control de longitud fija 00960nam a2200241 a 4500
001 - NÚMERO DE CONTROL
campo de control BRCA_6331
005 - FECHA Y HORA DE LA ÚLTIMA TRANSACCIÓN
campo de control 20190320205421.0
008 - DATOS DE LONGITUD FIJA--INFORMACIÓN GENERAL
campo de control de longitud fija 110811s1921----gw-#######---#000-0#ger-#
041 ## - CÓDIGO DE LENGUA
Código de lengua del texto/banda sonora o título independiente ger
044 ## - CÓDIGO DEL PAÍS DE LA ENTIDAD EDITORA/PRODUCTORA
Código MARC del país gw
050 #4 - SIGNATURA TOPOGRÁFICA DE LA BIBLIOTECA DEL CONGRESO
Número de clasificación PT2638
Número de documento/Ítem .N5 C3
-- 1921
100 1# - ENTRADA PRINCIPAL--NOMBRE DE PERSONA
Nombre de persona Gerling, Reinhold
9 (RLIN) 15877
245 10 - MENCIÓN DE TÍTULO
Título Tatmensch
Resto del título Eine Lebensberatung zu kraftvoller erfolgreicher Lebensgestaltung
Mención de responsabilidad, etc. von Reinh Gerling.
260 ## - PUBLICACIÓN, DISTRIBUCIÓN, ETC.
Lugar de publicación, distribución, etc. [Alemania]
Nombre del editor, distribuidor, etc. Anthropos
Fecha de publicación, distribución, etc. 1921
300 ## - DESCRIPCIÓN FÍSICA
Extensión 1 tomo de 8 v. separados
Dimensiones 11 cm.
500 ## - NOTA GENERAL
Nota general Edición con guarda de cartoncillo
500 ## - NOTA GENERAL
Nota general K32
501 ## - NOTA DE "CON"
Nota de “Con” Contenido: I Jedermann ein Herrscher .-- II Los von Althergebrachten.-- III Des Catmenschen Werden .-- IV Der rechte Beruf.-- V Kraftvolle Lebensgrundsätze.-- VI Die Kunstgriffe der Erfolgreichen .-- VII Die Kunst des Geldverdienens .-- VIII Die Bermeifterung des Schidfals
650 14 - PUNTO DE ACCESO ADICIONAL DE MATERIA--TÉRMINO DE MATERIA
Término de materia o nombre geográfico como elemento de entrada Éxito
9 (RLIN) 10808
650 14 - PUNTO DE ACCESO ADICIONAL DE MATERIA--TÉRMINO DE MATERIA
Término de materia o nombre geográfico como elemento de entrada Superación personal
9 (RLIN) 15878
902 ## - CATALOGADOR
Iniciales GFM
942 ## - ELEMENTOS DE PUNTO DE ACCESO ADICIONAL (KOHA)
Fuente del sistema de clasificación o colocación Library of Congress Classification
Tipo de ítem Koha Libros
Holdings
Estado de retiro Estado de pérdida Estado dañado No para préstamo Localización permanente Ubicación/localización actual Fecha de adquisición Número de inventario Total de préstamos Signatura topográfica completa Código de barras Fecha visto por última vez Precio válido a partir de Tipo de ítem Koha
El ejemplar forma parte de la colección y puede ser consultado según las políticas vigentes.       Biblioteca del Museo Franz Mayer (Rogerio Casas-Alatriste) Biblioteca del Museo Franz Mayer (Rogerio Casas-Alatriste) 11/08/2011 K32   PT2638 .N5 C3 1921 (K32) 6778 22/03/2019 22/03/2019 Libros